[Event "BCF-chT4 0708 (4NCL)"]
[Site "England"]
[Date "2008.02.09"]
[Round "5.5"]
[White "Tucker, Andrew"]
[Black "McMahon, Paul"]
[Result "1-0"]
[WhiteElo "1963"]
[BlackElo "2034"]
[PlyCount "65"]
[EventDate "2007.09.15"]
[EventType "team-swiss"]
[EventRounds "11"]
[EventCountry "ENG"]
[SourceTitle "EXT 2009"]
[Source "ChessBase"]
[SourceDate "2008.11.26"]
[SourceVersion "1"]
[SourceVersionDate "2008.11.26"]
[SourceQuality "1"]
[WhiteTeam "Sussex Smart Controls"]
[BlackTeam "Poisoned Pawns II"]
[WhiteTeamCountry "ENG"]
[BlackTeamCountry "ENG"]

1. e4 d5 2. exd5 Qxd5 3. Nc3 Qd6 4. d4 Nf6 5. Nge2 Bg4 6. h3 Bxe2 7. Bxe2 a6 8. 0-0 Nc6 9. Be3 0-0-0 10. Bg4+ e6 11. Ne2 Nxg4 12. hxg4 h5 13. g5 e5 14. c3 g6 15. Qb3 f5 16. f4 e4 17. Qa4 Qe7 18. b4 h4 19. b5 Nb8 20. Rab1 h3 21. Kh2 Qh7 22. g3 axb5 23. Rxb5 c6 24. Rb6 Rd7 25. Rfb1 Qe7 26. Qa8 Rc7 27. a4 Bg7 28. a5 Qf7 29. a6 Qc4 30. R1b2 Kd7 31. a7 Qa6 32. Rxa6 Nxa6 33. Qxh8 1-0

[Event "Hastings Masters op 82nd"]
[Site "Hastings"]
[Date "2006.12.30"]
[Round "3"]
[White "Chevannes, Sabrina"]
[Black "Tucker, Andrew"]
[Result "1/2-1/2"]
[WhiteElo "2093"]
[BlackElo "1956"]
[PlyCount "106"]
[EventDate "2006.12.28"]
[EventType "swiss"]
[EventRounds "9"]
[EventCountry "ENG"]
[SourceTitle "CBM 116 Extra"]
[Source "ChessBase"]
[SourceDate "2007.03.07"]
[SourceVersion "1"]
[SourceVersionDate "2007.03.07"]
[SourceQuality "1"]

1. d4 g6 2. Nf3 Bg7 3. e4 d6 4. Be3 Nd7 5. Bd3 e5 6. Qd2 Ngf6 7. h3 Qe7 8. 0-0 0-0 9. Nc3 c6 10. Rfe1 Re8 11. Rad1 Nf8 12. Qe2 h6 13. Na4 g5 14. c4 Ng6 15. dxe5 dxe5 16. Bc5 Qc7 17. Bc2 Bf8 18. Qe3 b6 19. Bxf8 Kxf8 20. b4 Be6 21. Nb2 Kg7 22. Qc3 Rad8 23. Nd3 Nd7 24. Nd2 f6 25. a3 h5 26. Nf1 Rh8 27. Ne3 Rdg8 28. Bb3 Ndf8 29. c5 b5 30. Nf5+ Kf7 31. Re2 Bxb3 32. Qxb3+ Ne6 33. Red2 Rd8 34. Ne1 Rxd2 35. Rxd2 Rd8 36. Rd6 Ngf8 37. a4 a6 38. axb5 axb5 39. Qa2 Re8 40. Nc2 Kg6 41. Nce3 Qb7 42. Rd3 Ra8 43. Ra3 Rxa3 44. Qxa3 Qd7 45. Qa2 Kh7 46. Qa8 Ng6 47. Nd6 Ngf4 48. Nef5 Ne2+ 49. Kf1 N2d4 50. Nxd4 Nxd4 51. Qf8 Qe6 52. Ne8 Qc4+ 53. Kg1 Qc1+ 1/2-1/2

[Event "BCF-chT4 0607 (4NCL)"]
[Site "Sunningdale"]
[Date "2006.09.23"]
[Round "1.4"]
[White "Tucker, Andrew"]
[Black "Mc Aleenan, Charles"]
[Result "1-0"]
[WhiteElo "1956"]
[BlackElo "1985"]
[PlyCount "65"]
[EventDate "2006.09.16"]
[EventType "team"]
[EventRounds "11"]
[EventCountry "ENG"]
[SourceTitle "CBM 115 Extra"]
[Source "ChessBase"]
[SourceDate "2007.01.10"]
[SourceVersion "1"]
[SourceVersionDate "2007.01.10"]
[SourceQuality "1"]
[WhiteTeam "W Collective"]
[BlackTeam "Athenaeum"]
[WhiteTeamCountry "ENG"]
[BlackTeamCountry "ENG"]

1. d4 d6 2. e4 Nf6 3. Nc3 c6 4. Bg5 Nbd7 5. Nf3 h6 6. Bf4 Qa5 7. e5 dxe5 8. dxe5 Ne4 9. Bd3 Ndc5 10. Bxe4 Nxe4 11. Bd2 Nxd2 12. Qxd2 Bg4 13. 0-0-0 Rd8 14. Qf4 Rxd1+ 15. Rxd1 Bxf3 16. gxf3 e6 17. Qd4 Qc7 18. Ne4 c5 19. Qa4+ Qc6 20. Qxc6+ bxc6 21. Nd6+ Bxd6 22. Rxd6 Ke7 23. Rxc6 Rd8 24. Rxc5 Rd4 25. Rc7+ Ke8 26. Rxa7 Rd5 27. f4 Rd4 28. a4 Rxf4 29. a5 Rxf2 30. a6 Rf1+ 31. Kd2 Ra1 32. b4 f6 33. b5 1-0

[Event "GBR-ch op"]
[Site "Swansea"]
[Date "2006.08.15"]
[Round "8.66"]
[White "Dines, Sheila"]
[Black "Tucker, Andrew"]
[Result "0-1"]
[WhiteElo "1926"]
[BlackElo "1956"]
[PlyCount "74"]
[EventDate "2006.08.06"]
[EventType "swiss"]
[EventRounds "11"]
[EventCountry "WLS"]
[SourceTitle "CBM 113 Extra"]
[Source "ChessBase"]
[SourceDate "2006.09.14"]
[SourceVersion "1"]
[SourceVersionDate "2006.09.14"]
[SourceQuality "1"]

1. e4 c6 2. d4 g6 3. Be3 d6 4. c3 Nd7 5. f4 e5 6. Nf3 Qe7 7. Bd3 Bg7 8. 0-0 Ngf6 9. h3 h5 10. Qe1 b5 11. Qg3 h4 12. Qg5 Rh5 13. fxe5 Rxg5 14. exf6 Rxg2+ 15. Kxg2 Bxf6 16. Nbd2 Bb7 17. Rae1 0-0-0 18. d5 Ne5 19. Nxe5 Bxe5 20. Nf3 Bg3 21. Re2 Qd7 22. Ng5 Rf8 23. Ne6 Re8 24. Nd4 a6 25. dxc6 Bxc6 26. Nxc6 Qxc6 27. Rxf7 d5 28. Bf4 Bxf4 29. Rxf4 g5 30. Rg4 Qg6 31. Re3 Rf8 32. Be2 Qb6 33. Rf3 Rxf3 34. Bxf3 Qe3 35. exd5 Qd2+ 36. Kf1 Qxb2 37. Rxg5 Qc1+ 0-1

[Event "Hastings Masters op 81st"]
[Site "Hastings"]
[Date "2006.01.01"]
[Round "5"]
[White "Norregaard, Claus"]
[Black "Tucker, Andrew"]
[Result "0-1"]
[WhiteElo "2205"]
[BlackElo "1940"]
[PlyCount "86"]
[EventDate "2005.12.28"]
[EventType "swiss"]
[EventRounds "10"]
[EventCountry "ENG"]
[SourceTitle "CBM 110 Extra"]
[Source "ChessBase"]
[SourceDate "2006.03.10"]
[SourceVersion "2"]
[SourceVersionDate "2006.03.10"]
[SourceQuality "1"]

1. d4 c6 2. Nf3 g6 3. e4 d5 4. Nc3 Bg4 5. Be3 Bg7 6. Be2 e6 7. Qd2 Nd7 8. e5 h5 9. h3 Bxf3 10. Bxf3 a6 11. Ne2 c5 12. c3 b5 13. Bg5 Ne7 14. Nf4 Nb6 15. 0-0 Qd7 16. b3 c4 17. Rfb1 Nc6 18. a4 bxa4 19. bxa4 Qc7 20. a5 Nc8 21. Qa2 N6a7 22. Bd1 Nb5 23. Ba4 Nca7 24. Qc2 Rb8 25. Qd2 Rb7 26. Bc2 Kd7 27. Qe3 Re8 28. Qf3 Kc8 29. g4 hxg4 30. hxg4 Kb8 31. Kg2 Qc8 32. Rh1 Bf8 33. Rh7 Be7 34. Bxe7 Rbxe7 35. Rah1 Nc6 36. Ra1 Qc7 37. Rah1 Qxa5 38. Nxg6 fxg6 39. Bxg6 Rg8 40. Rh8 Qd8 41. Qf6 Reg7 42. Rxg8 Qxg8 43. Bf7 Qxf7 0-1

[Event "Hastings Masters op 81st"]
[Site "Hastings"]
[Date "2005.12.30"]
[Round "3"]
[White "Vea, Odin Blikra"]
[Black "Tucker, Andrew"]
[Result "1-0"]
[WhiteElo "2090"]
[BlackElo "1940"]
[PlyCount "53"]
[EventDate "2005.12.28"]
[EventType "swiss"]
[EventRounds "10"]
[EventCountry "ENG"]
[SourceTitle "CBM 110 Extra"]
[Source "ChessBase"]
[SourceDate "2006.03.10"]
[SourceVersion "2"]
[SourceVersionDate "2006.03.10"]
[SourceQuality "1"]

1. e4 c5 2. Nc3 Nc6 3. f4 e6 4. Nf3 g6 5. Bc4 Bg7 6. f5 Nge7 7. fxe6 dxe6 8. d3 0-0 9. 0-0 Bd7 10. a3 Nd4 11. Nxd4 cxd4 12. Ne2 Nc6 13. Qe1 Rc8 14. Bd2 Ne5 15. Bb3 Bc6 16. Qg3 a5 17. Nf4 Re8 18. Rf2 Qb6 19. a4 Nd7 20. Raf1 Rf8 21. Nh5 Be5 22. Bf4 Bxf4 23. Rxf4 Qc7 24. Qg5 Qe5 25. Nf6+ Kh8 26. Rh4 h5 27. Qh6# 1-0

[Event "Hastings Masters op 81st"]
[Site "Hastings"]
[Date "2005.12.29"]
[Round "2"]
[White "Tucker, Andrew"]
[Black "Duhayon, Yves"]
[Result "0-1"]
[WhiteElo "1940"]
[BlackElo "2233"]
[PlyCount "36"]
[EventDate "2005.12.28"]
[EventType "swiss"]
[EventRounds "10"]
[EventCountry "ENG"]
[SourceTitle "CBM 110 Extra"]
[Source "ChessBase"]
[SourceDate "2006.03.10"]
[SourceVersion "2"]
[SourceVersionDate "2006.03.10"]
[SourceQuality "1"]

1. d4 d5 2. Bg5 h6 3. Bh4 c6 4. e3 Qb6 5. Qc1 e5 6. dxe5 Qb4+ 7. c3 Qxh4 8. Nf3 Qe7 9. Nbd2 Nd7 10. Bd3 Nxe5 11. Nxe5 Qxe5 12. Nf3 Qc7 13. 0-0 Bd6 14. Re1 Nf6 15. h3 0-0 16. Qc2 Re8 17. Nd2 Bd7 18. Rad1 Rad8 0-1

[Event "BCF-chT4 0506 (4NCL)"]
[Site "West Bromwich"]
[Date "2005.11.06"]
[Round "2.3"]
[White "Tucker, Andrew"]
[Black "Robinson, David"]
[Result "1/2-1/2"]
[WhiteElo "1980"]
[BlackElo "2024"]
[PlyCount "77"]
[EventDate "2005.11.05"]
[EventType "team"]
[EventRounds "11"]
[EventCountry "ENG"]
[SourceTitle "CBM 109 Extra"]
[Source "ChessBase"]
[SourceDate "2006.01.03"]
[SourceVersion "2"]
[SourceVersionDate "2006.01.03"]
[SourceQuality "1"]
[WhiteTeam "Sussex Mindsports"]
[BlackTeam "Pontypridd"]
[WhiteTeamCountry "ENG"]
[BlackTeamCountry "ENG"]

1. d4 Nf6 2. Bg5 d6 3. Bxf6 exf6 4. e3 g6 5. Bd3 Bg7 6. Ne2 f5 7. Nf4 Nd7 8. Nd2 Nf6 9. h4 Bd7 10. c3 Qe7 11. Qf3 Bc6 12. Qe2 0-0-0 13. a4 d5 14. a5 Ne4 15. Nxe4 fxe4 16. Bb5 Qd7 17. c4 dxc4 18. Bxc4 Qe7 19. Qd2 Bh6 20. Ne2 f5 21. g3 Bd5 22. Qc3 Rd6 23. Bxd5 Rxd5 24. Qc4 Rd6 25. b4 Qe6 26. Qxe6+ Rxe6 27. Nf4 Rd6 28. Ke2 Kb8 29. Rhc1 Rhd8 30. Rc4 Bxf4 31. gxf4 Rd5 32. Rac1 c6 33. Rc5 Rxc5 34. bxc5 Kc7 35. Rb1 Rb8 36. Kd2 Rg8 37. Ke2 Re8 38. Kd2 Rd8 39. Ke2 1/2-1/2

[Event "BCF-ch Major 92nd"]
[Site "Douglas"]
[Date "2005.08.01"]
[Round "1"]
[White "Hutchinson, Norman A"]
[Black "Tucker, Andrew"]
[Result "1/2-1/2"]
[WhiteElo "2097"]
[BlackElo "1943"]
[PlyCount "86"]
[EventDate "2005.08.01"]
[EventType "swiss"]
[EventRounds "11"]
[EventCountry "ENG"]
[SourceTitle "EXT 2006"]
[Source "ChessBase"]
[SourceDate "2005.11.24"]
[SourceVersion "1"]
[SourceVersionDate "2005.11.24"]
[SourceQuality "1"]

1. e4 c5 2. c3 Nf6 3. e5 Nd5 4. Nf3 Nc6 5. d4 cxd4 6. cxd4 d6 7. Bc4 Nb6 8. Bb5 d5 9. Nc3 Bg4 10. Be3 e6 11. h3 Bxf3 12. Qxf3 Rc8 13. 0-0 a6 14. Bxc6+ bxc6 15. Rac1 c5 16. dxc5 Nc4 17. Qe2 Nxe3 18. fxe3 Bxc5 19. Kh1 0-0 20. Qxa6 Bxe3 21. Rcd1 Qg5 22. Qd3 Qxe5 23. Rde1 d4 24. Nd1 Rfd8 25. Re2 Qa5 26. Nxe3 dxe3 27. Qxe3 Qxa2 28. b4 Qc4 29. Ref2 f6 30. b5 Rd3 31. Qb6 Rb3 32. Rf4 Qd5 33. Rd4 Rxb5 34. Qa6 Qxd4 35. Qxe6+ Kf8 36. Qxc8+ Kf7 37. Qc7+ Kg6 38. Qc2+ Kh6 39. Qc1+ Rg5 40. Rf4 Qc5 41. Qd2 Kg6 42. Qd3+ Kf7 43. Rd4 Qf5 1/2-1/2

[Event "BCF-chT4a 0405 (4NCL)"]
[Site "Telford"]
[Date "2005.02.26"]
[Round "5.4"]
[White "McIntosh, Doreen"]
[Black "Tucker, Andrew"]
[Result "0-1"]
[WhiteElo "1690"]
[BlackElo "1903"]
[PlyCount "88"]
[EventDate "2004.11.06"]
[EventType "team"]
[EventRounds "11"]
[EventCountry "ENG"]
[SourceTitle "EXT 2006"]
[Source "ChessBase"]
[SourceDate "2005.11.24"]
[SourceVersion "1"]
[SourceVersionDate "2005.11.24"]
[SourceQuality "1"]
[WhiteTeam "The ADS"]
[BlackTeam "Sussex Mindsports"]
[WhiteTeamCountry "ENG"]
[BlackTeamCountry "ENG"]

1. d4 Nf6 2. Nf3 g6 3. e3 Bg7 4. Bd3 d5 5. 0-0 0-0 6. b3 c5 7. Bb2 cxd4 8. exd4 Nc6 9. a3 Ne4 10. Nbd2 Bf5 11. Re1 Nd6 12. Be2 Rc8 13. Rc1 Qb6 14. Nf1 h5 15. Ng3 Rfd8 16. Nxf5 Nxf5 17. c3 Na5 18. b4 Nc4 19. Qb3 e6 20. Bxc4 Rxc4 21. Ne5 Bxe5 22. Rxe5 Rdc8 23. h3 Nxd4 24. Qd1 Qc7 25. cxd4 Rxc1 26. Bxc1 Qxc1 27. Re1 Qxa3 28. Qb1 Rc4 29. b5 Rxd4 30. Qc2 Rc4 31. Qe2 Rc1 32. Rxc1 Qxc1+ 33. Kh2 Qc4 34. Qb2 d4 35. b6 a6 36. Qa3 Qc6 37. Qb4 d3 38. Qe7 Qxb6 39. Qd7 Qb5 40. Qd8+ Kg7 41. Qd4+ e5 42. Qe3 Qd5 43. Qd2 Qe4 44. f4 Qxf4+ 0-1

[Event "BCF-chT4a 0405 (4NCL)"]
[Site "Telford"]
[Date "2004.11.07"]
[Round "2.5"]
[White "Tucker, Andrew"]
[Black "Spencer, Carl J"]
[Result "0-1"]
[WhiteElo "1903"]
[BlackElo "1855"]
[PlyCount "54"]
[EventDate "2004.11.06"]
[EventType "team"]
[EventRounds "11"]
[EventCountry "ENG"]
[SourceTitle "EXT 2006"]
[Source "ChessBase"]
[SourceDate "2005.11.24"]
[SourceVersion "1"]
[SourceVersionDate "2005.11.24"]
[SourceQuality "1"]
[WhiteTeam "Sussex Mindsports"]
[BlackTeam "Cambridge II"]
[WhiteTeamCountry "ENG"]
[BlackTeamCountry "ENG"]

1. e4 e6 2. d3 d5 3. Nd2 c5 4. g3 Nc6 5. Bg2 f6 6. Ngf3 Bd6 7. 0-0 Nge7 8. Re1 0-0 9. Nf1 d4 10. h4 e5 11. N1h2 Be6 12. h5 Rc8 13. Nh4 c4 14. dxc4 Bb4 15. Bd2 Bxc4 16. Bh3 Rc7 17. Ng4 Kh8 18. Bxb4 Nxb4 19. a3 Na6 20. Qf3 Be6 21. Rac1 Qc8 22. Re2 d3 23. Rd2 Rxc2 24. Rdxc2 Qxc2 25. Rd1 Nc5 26. Bf1 Bb3 27. Bxd3 Qxd1+ 0-1